000 01456cam a2200301K 4500
001 50594
003 BD-RjUL
005 20211209075532.0
008 160828r19511916enk o 001 0 eng d
035 _a(OCoLC)ocn609514547
035 _aBD-RjUL50714
040 _aOCLCE
_beng
_cOCLCE
_dOCLCQ
041 _aeng
082 _223
_a425
_bSON 1951
100 1 _aSonnenschein, E. A.
_q(Edward Adolf),
_d1851-1929.
_9151506
245 1 2 _aA new English grammar :
_bbased on the recommendations of the Joint Committee on Grammatical Terminology /
_cby E.A. Sonnenschein. With exercises by Edith Archibald.
260 _aOxford :
_bClarendon Press,
_c1916 [printing 1917-1952]
300 _aV. ;
_c21 cm.
505 0 _apt. I. Parts of speech and outlines of analysis.--pt. II. Kinds of pronouns, adjectives, and adverbs. Forms and their chief meanings.--pt. III. Structure of sentences and clauses. Uses of forms.
506 _3Use copy
_fRestrictions unspecified
_2star
_5MiAaHDL
650 0 _aEnglish language
_xGrammar.
_9151507
650 0 _aEnglish language
_xComposition and exercises.
_9132981
700 1 _aArchibald, Edith.
_9151508
776 0 8 _iPrint version:
_aSonnenschein, E. A. (Edward Adolf), 1851-1929.
_tNew English grammar.
_dOxford, Clarendon Press [1916]
_w(DLC) 17005440
_w(OCoLC)4526942
856 4 0 _3HathiTrust Digital Library
_uhttp://catalog.hathitrust.org/api/volumes/oclc/4526942.html
942 _2ddc
_cBK
999 _c50594
_d50594